000 00210nam a22001097a 4500
999 _c533617
_d533617
040 _cdlc
082 _a823.914
100 _aDexter Dias
_927574
245 _aRule of Law
300 _a499p
942 _2ddc
_cBK